Tom Dooley, Jungle doctor: a story about Dr. Thomas A. Dooley / (Record no. 105573)
[ view plain ]
| 000 -LEADER | |
|---|---|
| fixed length control field | 00664nam a2200181 a 4500 |
| 005 - DATE AND TIME OF LATEST TRANSACTION | |
| control field | 20140412111407.0 |
| 008 - FIXED-LENGTH DATA ELEMENTS--GENERAL INFORMATION | |
| fixed length control field | 070910s19uu xx 00 eng d |
| 020 ## - INTERNATIONAL STANDARD BOOK NUMBER | |
| International Standard Book Number | 0-86683-763-9 |
| 050 ## - LIBRARY OF CONGRESS CALL NUMBER | |
| Classification number | M 610.92 |
| Item number | H87 1979 |
| 100 ## - MAIN ENTRY--PERSONAL NAME | |
| Personal name | Hugh, Alice |
| 245 ## - TITLE STATEMENT | |
| Title | Tom Dooley, Jungle doctor: a story about Dr. Thomas A. Dooley / |
| Statement of responsibility, etc | Alice J. Hugh. |
| 260 ## - PUBLICATION, DISTRIBUTION, ETC. (IMPRINT) | |
| Place of publication, distribution, etc | Minneapolis, MN : |
| Name of publisher, distributor, etc | Winston press, |
| Date of publication, distribution, etc | 1979. |
| 300 ## - PHYSICAL DESCRIPTION | |
| Extent | [32]p. : ill. 21 cm. |
| 440 ## - SERIES STATEMENT/ADDED ENTRY--TITLE | |
| Title | Christians heroes |
| 520 ## - SUMMARY, ETC. | |
| Summary, etc | Briefly focuses on the American physician's work with orphans in southeast Asia. |
| 650 ## - SUBJECT ADDED ENTRY--TOPICAL TERM | |
| Topical term or geographic name as entry element | Missionaries, Medical-- Southeast Asia--Biography |
| General subdivision | Juvenile literature |
| Withdrawn status | Lost status | Damaged status | Home library | Current library | Shelving location | Date acquired | Source of acquisition | Total Checkouts | Full call number | Barcode | Date last seen | Price effective from | Koha item type |
|---|---|---|---|---|---|---|---|---|---|---|---|---|---|
| Elizalde Library | Elizalde Library | Main Section | 09/10/2007 | M 610.92 H87 1979 | E10359 | 04/12/2014 | 04/12/2014 | Books |